Les 20 plus grandes villes de la Creuse sur une carte - Statistiques

Statistiques générales
  • Ce quiz a été pris 77 fois
  • Le résultat moyen est 10 sur 20
Réponses sur la Carte
Les réponses sont colorées sur une échelle allant du rouge au vert en fonction du pourcentage des utilisateurs qui les ont devinées à leur premier essai. Vous pouvez retrouver ces pourcentages ci-dessous.
 
Statistiques - réponses
Commune Population % Correct
Guéret 12 814
100%
Aubusson 3 036
94%
La Souterraine 4 928
94%
Felletin 1 552
67%
Bourganeuf 2 408
63%
Ahun 1 442
53%
Sainte-Feyre 2 531
53%
Boussac 1 239
50%
Gouzon 1 565
48%
Évaux-les-Bains 1 285
45%
Saint-Sulpice-le-Guérétois 1 901
45%
Saint-Vaury 1 729
45%
Dun-le-Palestel 1 086
44%
Le Grand-Bourg 1 182
36%
Saint-Fiel 1 079
34%
Auzances 1 153
30%
Bonnat 1 354
28%
Saint-Maurice-la-Souterraine 1 126
23%
Fursac 1 433
22%
Saint-Dizier-Masbaraud 1 134
9%
Aucun quiz correspondant
Distribution des résultats
% des personnes avec chaque résultat
Percentile par nombre de réponses
Votre historique - résultats
Vous n’avez pas pris ce quiz